| 000 | 00474nam a2200157 4500 | ||
|---|---|---|---|
| 001 | 120199 | ||
| 003 | ES-MaACL | ||
| 007 | t| | ||
| 008 | 070214s1917 fr r ||||1| fre d | ||
| 100 | 1 |
_aPiquet, Victor. _992335 |
|
| 245 | 1 | 3 |
_aLe Maroc _b: géographie, historie, mise en valeur / _cVictor Piquet. |
| 260 |
_aParis : _b[s. n.], _c1917 ( _eColommiers : _fPaul Brodard) |
||
| 300 |
_aXII, 464 p. ; _c20 cm. |
||
| 500 | _aFalta el primer mapa. | ||
| 852 |
_aES-MaACL _jB-2100 |
||
| 999 |
_c120199 _d120199 |
||